[Event "ESP-ch Seniors 2017"]
[Site "Altea"]
[Date "2017.10.10"]
[Round "4"]
[White "Carbonell Bofill, Carlos Eloy"]
[Black "Roche Simon, Manuel Angel"]
[Result "0-1"]
[WhiteElo "2050"]
[BlackElo "2216"]
[Annotator "ChessBase"]
[PlyCount "106"]
[EventDate "2017.??.??"]
[EventType "swiss"]
[EventCountry "ESP"]
[SourceTitle "playchess.com"]
[Source "ChessBase"]
[SourceQuality "1"]
[TimeControl "5400+30"]

1. d4 {[%emt 0:00:49]} d5 {[%emt 0:00:12]} 2. Nf3 {[%emt 0:00:08]} c5 {[%emt 0:00:21]} 3. e3 {[%emt 0:00:19]} Nf6 {[%emt 0:01:11]} 4. a3 {[%emt 0:00:25]} e6 {[%emt 0:03:18]} 5. b3 {[%emt 0:00:02]} Nc6 {[%emt 0:00:19]} 6. Bd3 {[%emt 0:00:13]} Bd6 {[%emt 0:01:44]} 7. Bb2 {[%emt 0:00:10]} O-O {[%emt 0:08:16]} 8. O-O {[%emt 0:00:07]} b6 {[%emt 0:02:15]} 9. Ne5 {[%emt 0:01:28]} Bb7 {[%emt 0:01:09]} 10. Nd2 {[%emt 0:00:12]} cxd4 {[%emt 0:03:13]} 11. exd4 {[%emt 0:01:00]} Qe7 {[%emt 0:09:29]} 12. Re1 {[%emt 0:01:14]} Nd7 {[%emt 0:01:55]} 13. Re3 {[%emt 0:03:50]} f5 {[%emt 0:02:34]} 14. Nxc6 {[%emt 0:00:03]} Bxc6 {[%emt 0:00:12]} 15. Qe2 {[%emt 0:00:01]} Rae8 {[%emt 0:02:32]} 16. Re1 {[%emt 0:00:12]} Rf6 {[%emt 0:00:52]} 17. Bxf5 {[%emt 0:00:12]} Rxf5 {[%emt 0:00:35]} 18. Rxe6 {[%emt 0:00:03]} Qxe6 {[%emt 0:00:57]} 19. Qxe6+ {[%emt 0:00:04]} Rxe6 {[%emt 0:00:14]} 20. Rxe6 {[%emt 0:00:02]} Rf6 {[%emt 0:00:52]} 21. Re8+ {[%emt 0:00:34]} Nf8 {[%emt 0:01:21]} 22. Rd8 {[%emt 0:01:25]} Bc7 {[%emt 0:12:46]} 23. Rc8 {[%emt 0:00:09]} Rf7 {[%emt 0:01:56]} 24. a4 {[%emt 0:00:36]} Bb7 {[%emt 0:02:02]} 25. Re8 {[%emt 0:00:14]} Bd6 {[%emt 0:01:14]} 26. g3 {[%emt 0:00:30]} Re7 {[%emt 0:01:10]} 27. Rxe7 {[%emt 0:00:43]} Bxe7 {[%emt 0:00:06]} 28. f4 {[%emt 0:00:06]} Kf7 {[%emt 0:02:31]} 29. Kf2 {[%emt 0:00:06]} Ke6 {[%emt 0:00:07]} 30. g4 {[%emt 0:00:40]} g6 {[%emt 0:00:05]} 31. Ke3 {[%emt 0:00:30]} Nd7 {[%emt 0:01:22]} 32. h3 {[%emt 0:01:28]} Ba6 {[%emt 0:01:38]} 33. c4 {[%emt 0:00:46]} Bb4 {[%emt 0:01:14]} 34. cxd5+ {[%emt 0:00:04]} Kxd5 {[%emt 0:00:09]} 35. Ne4 {[%emt 0:00:03]} Be7 {[%emt 0:04:09]} 36. g5 {[%emt 0:04:56]} Bb4 {[%emt 0:04:54]} 37. h4 {[%emt 0:08:08]} Ke6 {[%emt 0:07:42]} 38. Bc3 {[%emt 0:00:02]} Bxc3 {[%emt 0:02:11]} 39. Nxc3 {[%emt 0:00:02]} Bb7 {[%emt 0:00:23]} 40. b4 {[%emt 0:00:16]} a6 {[%emt 0:04:37]} 41. Ne4 Bc6 42. a5 {[%emt 0:11:19]} bxa5 {[%emt 0:01:28]} 43. bxa5 {[%emt 0:00:39]} Bxe4 44. Kxe4 {[%emt 0:00:02]} Nb8 {[%emt 0:07:36]} 45. d5+ {[%emt 0:00:03]} Kd6 {[%emt 0:00:13]} 46. f5 {[%emt 0:00:15]} Nd7 {[%emt 0:00:31]} 47. fxg6 {[%emt 0:08:24]} hxg6 {[%emt 0:00:09]} 48. Kd4 {[%emt 0:00:30]} Ne5 {[%emt 0:01:05]} 49. Ke4 {[%emt 0:00:03]} Nc4 {[%emt 0:01:18]} 50. h5 {[%emt 0:00:14]} gxh5 {[%emt 0:00:17]} 51. g6 {[%emt 0:00:10]} Ke7 {[%emt 0:00:10]} 52. Kf5 {[%emt 0:07:38]} h4 {[%emt 0:00:18]} 53. Kg4 {[%emt 0:01:33]} Kf6 {[%emt 0:00:06]} 0-1

[Event "ESP-ch Seniors 2017"]
[Site "Altea"]
[Date "2017.10.10"]
[Round "4"]
[White "Fernandez Vicente, Carmelo"]
[Black "Anguera Maestro, Jaime"]
[Result "1/2-1/2"]
[WhiteElo "2044"]
[BlackElo "2029"]
[Annotator "NA"]
[PlyCount "30"]
[EventDate "2017.??.??"]
[EventType "swiss"]
[EventCountry "ESP"]
[SourceTitle "playchess.com"]
[Source "ChessBase"]
[SourceQuality "1"]
[TimeControl "5400+30"]

1. c4 {[%emt 0:00:00]} c5 {[%emt 0:00:14]} 2. Nc3 {[%emt 0:00:31]} Nc6 {[%emt 0:00:08]} 3. g3 {[%emt 0:00:18]} g6 {[%emt 0:00:12]} 4. Bg2 {[%emt 0:00:45]} Bg7 {[%emt 0:00:27]} 5. e3 {[%emt 0:00:42]} d6 {[%emt 0:01:37]} 6. Nge2 {[%emt 0:00:54]} e5 {[%emt 0:01:14]} 7. b3 {[%emt 0:02:38]} Bf5 {[%emt 0:03:49]} 8. e4 {[%emt 0:03:07]} Bg4 {[%emt 0:01:16]} 9. f3 {[%emt 0:03:40]} Be6 {[%emt 0:01:06]} 10. d3 {[%emt 0:00:15]} Nge7 {[%emt 0:01:35]} 11. Bg5 {[%emt 0:01:51]} h6 {[%emt 0:01:56]} 12. Be3 {[%emt 0:00:44]} O-O {[%emt 0:00:38]} 13. Qd2 {[%emt 0:01:08]} Kh7 {[%emt 0:00:26]} 14. O-O {[%emt 0:00:45]} Nd4 {[%emt 0:01:06]} 15. Rab1 {[%emt 0:04:22]} Nec6 {[%emt 0:03:26]} 1/2-1/2

[Event "ESP-ch Seniors 2017"]
[Site "Altea"]
[Date "2017.10.10"]
[Round "4"]
[White "Serrano Marhuenda, Salvador"]
[Black "Campos Gambuti, Luis Maria"]
[Result "0-1"]
[WhiteElo "2012"]
[BlackElo "2413"]
[Annotator "TA"]
[PlyCount "76"]
[EventDate "2017.??.??"]
[EventType "swiss"]
[EventCountry "ESP"]
[SourceTitle "playchess.com"]
[Source "ChessBase"]
[SourceQuality "1"]

{[%evp 17,76,0,0,0,27,38,53,41,54,54,68,52,52,56,60,52,67,68,91,75,189,180,194,204,197,167,375,266,427,427,425,432,428,412,385,170,316,141,177,169,160,169,168,143,160,158,211,111,122,0,19,2,4,0,0,-62,-61,-79,-4,-79,-92]} 1. e4 d6 2. d4 Nf6 3. Nc3 Nbd7 4. f4 e5 5. Nf3 exd4 6. Nxd4 g6 {B07: Pirc Defence: Miscellaneous Systems} 7. Be2 Bg7 8. O-O O-O 9. Bf3 Re8 {LiveBook: 4 Games} 10. Re1 (10. Kh1 a6 11. a4 Rb8 12. a5 Nc5 13. Re1 Ne6 14. Be3 Nxd4 15. Bxd4 {1-0 (30) Swiercz,D (2636)-Mamedov,R (2678) Atlantic City 2016}) 10... c6 11. Be3 Nb6 12. Bf2 d5 $146 ({Predecessor:} 12... Nc4 13. b3 Qa5 14. Qd3 {0-1 (44) Ricci,M (2061)-Paleologu,V (2193) Milan 2010}) 13. e5 {aiming for Bh4.} Nfd7 14. a4 a5 15. b3 Nf8 16. Qd2 Nbd7 17. Rad1 $36 {[%mdl 2048] White fights for an advantage.} Bh6 18. Be3 f6 {[#]} (18... c5 $16 {might work better.}) 19. e6 $1 $18 {[%cal Re6d7]} Nxe6 20. Nxe6 Rxe6 {[#]} 21. Nxd5 $1 {[%mdl 512]} Ra6 $2 (21... Bf8) (21... cxd5 22. Bxd5) 22. Nc3 Kh8 $2 (22... Bf8 {was called for.} 23. Be2 Rd6) 23. Bg4 Re7 24. Bc5 Rxe1+ 25. Rxe1 f5 26. Bf3 (26. Be2 $142) 26... Bg7 (26... Bf8 $142) 27. Bf2 (27. g4 $18 {is more deadly.}) 27... Ra8 {[#]} 28. Nd1 $1 Qf8 29. Ne3 Nb6 {[#]} 30. Nxf5 $1 {[%mdl 512]} Bxf5 31. Bxb6 Qf6 (31... Qb4 $16 {was worth a try.} 32. Qxb4 axb4) 32. Be3 ({Don't play} 32. Bxa5 $6 Qd4+ 33. Kf1 Qxd2 $16) (32. g4 $18 Be6 33. Bc7 (33. Bxa5 Bd5 $18)) 32... h5 33. Rd1 (33. Bb6 $16) 33... Re8 34. Bf2 Qb2 35. Re1 Rxe1+ 36. Bxe1 (36. Qxe1 $11 Bxc2 37. Qxa5) 36... Bxc2 $15 37. Qxa5 Bxb3 (37... Qd4+ $17 38. Bf2 Qxf4) 38. Qd8+ (38. f5 $11) 38... Kh7 {Precision: White = 53%, Black = 40%.} 0-1

[Event "ESP-ch Seniors 2017"]
[Site "Altea"]
[Date "2017.10.10"]
[Round "4"]
[White "Garcia Galeote, Lorenzo"]
[Black "Fernandez Hernandez, Gerardo"]
[Result "0-1"]
[WhiteElo "1998"]
[BlackElo "2178"]
[Annotator "NA"]
[PlyCount "36"]
[EventDate "2017.??.??"]
[EventType "swiss"]
[EventCountry "ESP"]
[SourceTitle "playchess.com"]
[Source "ChessBase"]
[SourceQuality "1"]
[TimeControl "5400+30"]

1. f4 {[%emt 0:00:00]} d5 {[%emt 0:00:52]} 2. Nf3 {[%emt 0:00:00]} Nf6 {[%emt 0:00:05]} 3. e3 {[%emt 0:00:04]} Bg4 {[%emt 0:00:19]} 4. Be2 {[%emt 0:00:28]} Nbd7 {[%emt 0:00:25]} 5. b3 {[%emt 0:03:46]} e6 {[%emt 0:01:34]} 6. Bb2 {[%emt 0:00:40]} Bd6 {[%emt 0:01:55]} 7. Ne5 {[%emt 0:01:32]} Bxe2 {[%emt 0:00:34]} 8. Qxe2 {[%emt 0:00:07]} O-O {[%emt 0:03:18]} 9. O-O {[%emt 0:00:10]} Ne8 {[%emt 0:04:49]} 10. c4 {[%emt 0:06:30]} c6 {[%emt 0:02:23]} 11. d3 {[%emt 0:04:51]} f6 {[%emt 0:05:32]} 12. Qg4 {[%emt 0:06:20]} fxe5 {[%emt 0:11:10]} 13. Qxe6+ {[%emt 0:01:01]} Kh8 {[%emt 0:00:53]} 14. cxd5 {[%emt 0:02:28]} Nc5 {[%emt 0:08:46]} 15. Qg4 {[%emt 0:02:22]} Nxd3 {[%emt 0:01:36]} 16. Ba3 {[%emt 0:02:22]} Qb6 {[%emt 0:08:51]} 17. Rf3 {[%emt 0:06:50]} Rxf4 {[%emt 0:10:49]} 18. Bxd6 {[%emt 0:01:34]} Nxd6 $19 {[%emt 0:00:03]} ({Weaker is} 18... Rxg4 19. Rf8#) 0-1

[Event "ESP-ch Seniors 2017"]
[Site "Altea"]
[Date "2017.10.10"]
[Round "4"]
[White "Sanz Bastos, Fernando"]
[Black "Simon Padros, Emili"]
[Result "0-1"]
[WhiteElo "1981"]
[BlackElo "2153"]
[Annotator "ChessBase"]
[PlyCount "54"]
[EventDate "2017.??.??"]
[EventType "swiss"]
[EventCountry "ESP"]
[SourceTitle "playchess.com"]
[Source "ChessBase"]
[SourceQuality "1"]
[TimeControl "5400+30"]

1. f4 {[%emt 0:00:00]} c5 {[%emt 0:01:23]} 2. e4 {[%emt 0:00:41]} Nc6 {[%emt 0:00:36]} 3. Nc3 {[%emt 0:00:23]} d6 {[%emt 0:00:46]} 4. Bb5 {[%emt 0:01:29]} Bd7 {[%emt 0:01:57]} 5. Nf3 {[%emt 0:00:18]} e6 {[%emt 0:01:29]} 6. O-O {[%emt 0:00:52]} Nf6 {[%emt 0:02:08]} 7. d3 {[%emt 0:00:22]} Be7 {[%emt 0:02:14]} 8. a3 {[%emt 0:09:42]} O-O {[%emt 0:02:54]} 9. Bxc6 {[%emt 0:00:09]} Bxc6 {[%emt 0:01:05]} 10. Qe1 {[%emt 0:01:14]} b5 {[%emt 0:06:02]} 11. Qg3 {[%emt 0:07:20]} Kh8 {[%emt 0:10:18]} 12. e5 {[%emt 0:04:31]} Nd7 {[%emt 0:06:54]} 13. exd6 {[%emt 0:06:05]} Bxd6 {[%emt 0:00:24]} 14. Ne4 {[%emt 0:01:39]} Be7 {[%emt 0:02:47]} 15. Be3 {[%emt 0:01:50]} Bd5 {[%emt 0:06:11]} 16. Qh3 {[%emt 0:05:43]} c4 {[%emt 0:12:02]} 17. Neg5 {[%emt 0:01:09]} h6 {[%emt 0:04:27]} 18. dxc4 {[%emt 0:10:11]} bxc4 {[%emt 0:00:22]} 19. Rad1 {[%emt 0:00:20]} Kg8 {[%emt 0:02:50]} 20. Nxf7 {[%emt 0:09:48]} Rxf7 {[%emt 0:02:46]} 21. Ne5 {[%emt 0:00:23]} Nxe5 {[%emt 0:01:20]} 22. fxe5 {[%emt 0:00:03]} Rxf1+ {[%emt 0:01:08]} 23. Rxf1 {[%emt 0:00:02]} Bg5 {[%emt 0:05:58]} 24. Bc5 {[%emt 0:00:27]} Qa5 {[%emt 0:01:31]} 25. Bd6 {[%emt 0:00:21]} Qd2 {[%emt 0:00:34]} 26. Qg4 {[%emt 0:01:05]} h5 {[%emt 0:01:25]} 27. Qg3 {[%emt 0:01:00]} Qe3+ {[%emt 0:00:24]} 0-1

[Event "ESP-ch Seniors 2017"]
[Site "Altea"]
[Date "2017.10.10"]
[Round "4"]
[White "Dominguez Marquez, Cecilio"]
[Black "Fos Santacreu, Juan Andres"]
[Result "0-1"]
[WhiteElo "1955"]
[BlackElo "2140"]
[Annotator "TA"]
[PlyCount "176"]
[EventDate "2017.??.??"]
[EventType "swiss"]
[EventCountry "ESP"]
[SourceTitle "playchess.com"]
[Source "ChessBase"]
[SourceQuality "1"]

{[%evp 21,176,43,60,56,50,53,70,95,127,122,291,254,244,224,258,212,221,210,202,189,200,117,116,118,114,93,120,95,80,68,73,23,37,-70,-62,-168,-173,-358,-339,-678,-658,-601,-388,-383,-207,-212,-206,-197,-166,-241,-241,-269,-260,-286,-283,-279,-275,-256,-239,-348,-283,-290,-286,-268,-266,-290,-281,-368,-267,-489,-487,-481,-463,-391,-531,-519,-513,-505,-498,-501,-147,-147,-147,-127,-139,-275,-129,-129,-77,-113,-113,-106,-106,-94,-77,-92,-81,-71,0,-41,-33,-100,-80,-247,-235,-314,-314,-340,-340,-927,-938,-557,-557,-612,-591,-5118,-544,-430,-332,-388,-307,-547,-545,-292,-225,-225,-218,-206,-204,-199,-202,-207,-81,-86,0,0,0,0,0,0,0,0,0,0,0,0,0,0,0,-1067,-584,-577,-1063,-1069,-623,-4627,-4627]} 1. d4 Nf6 2. c4 e6 3. Nc3 Bb4 4. Qc2 O-O 5. Bg5 d5 6. e3 h6 7. Bh4 b6 8. cxd5 exd5 9. Nf3 Bb7 10. Bd3 Be7 11. O-O c5 12. Rad1 {D36: Queen's Gambit Declined: Exchange Variation: Main line (5 Bg5 c6 6 Qc2)} c4 13. Bf5 Nc6 $146 ({Predecessor:} 13... a6 14. Ne5 b5 15. a3 Nbd7 16. Rfe1 Re8 17. f3 Nf8 18. e4 g6 19. Bh3 Kg7 {1-0 (27) Genov,P (2473)-Lisowski,K (2152) Guingamp 2010}) 14. Ne5 {White is slightly better.} a6 15. Bxf6 $1 gxf6 $2 (15... Bxf6 $16 16. Nd7 Nb4) 16. Nxc6 Bxc6 17. Qe2 Re8 18. Qg4+ Kh8 19. Qh5 Bf8 20. Qxf7 {[%csl Gf5][%cal Rf7h7]} Qe7 21. Qxe7 (21. Qh5 $18) 21... Rxe7 $16 22. Rfe1 b5 {[%cal Bb6b5,Bb5b4][%mdl 32]} 23. e4 Rae8 24. Bg6 Rd8 25. Kf1 ({Of course not} 25. Nxd5 Bxd5 26. exd5 Rxe1+ 27. Rxe1 Rxd5 $11) 25... dxe4 26. d5 ({But not} 26. Nxe4 Red7 $11) 26... Bd7 27. Bxe4 (27. Nxe4 $14 f5 28. Nf6) 27... b4 $15 28. Nb1 (28. d6 $15 Re6 29. Nd5) 28... Bb5 $1 $19 {Threatens to win with ...Rxe4!} 29. Rd4 $2 (29. Kg1) 29... c3+ 30. Bd3 $2 (30. Kg1 c2 31. Nd2) 30... c2 31. Rc1 cxb1=Q 32. Rxb1 {[#]} Bxd3+ (32... Re4 $142 $1 {[%mdl 512]} 33. Bxb5 (33. Rxe4 Bxd3+) 33... Rxd4) 33. Rxd3 Re5 34. Rbd1 Bd6 35. g3 (35. Rc1 {was necessary.}) 35... Rc8 36. f4 Re7 37. R1d2 Kg7 38. Kg2 a5 39. Rd4 Rc5 40. a3 (40. Kf3 {was called for.}) 40... bxa3 41. bxa3 Rc3 42. a4 Rec7 43. Kh3 f5 44. Kh4 R3c4 45. Kh5 $2 (45. Rxc4 {is a better defense.} Rxc4 46. Ra2) 45... Rxd4 46. Rxd4 {[%mdl 4096] Endgame KRB-KR} Rc2 {[%cal Rc2h2]} 47. h4 Rc3 48. g4 fxg4 49. Kxg4 Kf6 {Strongly threatening ...h5+.} 50. Re4 {[#]} Kf7 $2 (50... h5+ $1 $19 51. Kxh5 Kf5) 51. Re6 $17 Bf8 52. Ra6 Rc5 $1 {[%cal Rc5d5]} 53. d6 (53. Ra7+ $17 {is the only way for White.} Kg8 54. Rd7) 53... Rd5 (53... h5+ $19 {has better winning chances.} 54. Kf3 Ke6) 54. d7 Be7 ({Better is} 54... h5+ 55. Kf3 Bb4) 55. Rxh6 Rxd7 56. Rh5 Bb4 57. Rh7+ Ke8 58. Rh8+ Ke7 59. Rh7+ Ke8 (59... Kd6 $5 {[%cal Rd7h7]} 60. Rh6+ Kd5 $15) 60. Rh8+ $1 Bf8 61. Rh5 (61. h5 $15) 61... Ra7 62. f5 $2 (62. Re5+ $17 {keeps fighting.} Kf7 63. Rf5+ Kg7 64. Rg5+ Kh7 65. Rh5+ Kg8 66. Rg5+ Bg7 67. Kf3) 62... Rc7 $19 63. Kg5 Be7+ 64. Kg6 {intending f6.} Rc6+ 65. Kg7 $2 (65. f6 Bxf6 66. Kh7) 65... Bf8+ 66. Kg8 Rf6 67. Rg5 Be7 {aiming for ...Rf8+.} 68. Rh5 Rf8+ (68... Rf7 $142 69. Rh7 Rxf5) 69. Kg7 Bf6+ 70. Kg6 Bc3 {( -> ...Rg8+)} 71. Rh7 $2 (71. f6 {might work better.}) 71... Rg8+ 72. Kh5 Rg2 73. Rc7 Bb4 74. f6 Kf8 75. Kh6 Be1 76. h5 {[#]} Rg4 (76... Kg8 $1 $19 {[%cal Re1d2] is more deadly.} 77. f7+ Kf8 78. Rc8+ Kxf7 79. Rc7+ Ke6 80. Rc6+ Kf7 81. Rc7+ Ke6) 77. Kh7 $17 Rxa4 (77... Bd2 $17 78. Ra7 Rg5) 78. Kg6 $11 {[%cal Rc7c8]} Rg4+ 79. Kf5 Rg2 80. h6 Bh4 {Black wants to play ...Rf2+.} 81. Rc8+ Kf7 82. Rc7+ Ke8 83. h7 Rf2+ 84. Kg4 {[%cal Rh7h8]} Bxf6 {...Rh2 is the strong threat.} 85. h8=Q+ $4 {[%mdl 8192]} (85. Rc8+ $11 {and White stays safe.} Kf7 86. Ra8) 85... Bxh8 $19 {Black is clearly winning.} 86. Rc8+ {[#]} Kd7 $1 {[%cal Rd7c8]} 87. Rxh8 Kc6 88. Kg3 Rf7 {Precision: White = 29%, Black = 56%.} 0-1

[Event "ESP-ch Seniors 2017"]
[Site "Altea"]
[Date "2017.10.10"]
[Round "4"]
[White "Vallbona Domingo, Joan"]
[Black "Fernandez Perez, Josep"]
[Result "1/2-1/2"]
[WhiteElo "1889"]
[BlackElo "2045"]
[Annotator "NA"]
[PlyCount "33"]
[EventDate "2017.??.??"]
[EventType "swiss"]
[EventCountry "ESP"]
[SourceTitle "playchess.com"]
[Source "ChessBase"]
[SourceQuality "1"]
[TimeControl "5400+30"]

{[%evp 24,33,-6,0,-20,-2,-6,0,-14,-9,0,0]} 1. c4 {[%emt 0:00:00]} e5 {[%emt 0:00:11]} 2. Nc3 {[%emt 0:00:00]} d6 {[%emt 0:00:22]} 3. Nf3 {[%emt 0:01:20]} f5 {[%emt 0:00:29]} 4. d4 {[%emt 0:00:08]} e4 {[%emt 0:00:16]} 5. Ng5 {[%emt 0:00:14]} Be7 {[%emt 0:00:22]} 6. h4 {[%emt 0:00:51]} c6 {[%emt 0:00:32]} 7. g3 {[%emt 0:07:22]} Nf6 {[%emt 0:02:09]} 8. d5 {[%emt 0:01:43]} h6 {[%emt 0:01:41]} 9. Nh3 {[%emt 0:00:22]} Nbd7 {[%emt 0:00:43]} 10. Bg2 {[%emt 0:10:41]} Ne5 {[%emt 0:07:55]} 11. b3 {[%emt 0:07:46]} O-O {[%emt 0:03:29]} 12. O-O {[%emt 0:15:26]} Nh5 {[%emt 0:25:17]} 13. dxc6 {[%emt 0:12:36]} bxc6 {[%emt 0:00:51] [#]} 14. Nd5 $1 {[%emt 0:00:15]} Be6 {[%emt 0:08:07]} 15. Nxe7+ {[%emt 0:05:43]} Qxe7 {[%emt 0:00:17]} 16. Nf4 {[%emt 0:00:40]} Nxf4 {[%emt 0:03:44]} 17. Bxf4 $11 {[%emt 0:01:03]} 1/2-1/2

[Event "ESP-ch Seniors 2017"]
[Site "Altea"]
[Date "2017.10.11"]
[Round "5"]
[White "Campos Gambuti, Luis Maria"]
[Black "Cantero Navarro, Antonio"]
[Result "1/2-1/2"]
[WhiteElo "2413"]
[BlackElo "2153"]
[Annotator "TA"]
[PlyCount "25"]
[EventDate "2017.??.??"]
[EventType "swiss"]
[EventCountry "ESP"]
[SourceTitle "playchess.com"]
[Source "ChessBase"]
[SourceQuality "1"]

{[%evp 9,25,0,0,0,0,0,0,0,37,1,0,-1,6,-6,8,-16,14,-150]} 1. d4 d5 2. c4 c6 3. Qc2 (3. Nf3 Nf6 4. Nc3 a6 5. e3 b5 6. b3 Bg4 7. a4 bxc4 8. bxc4 e6 9. c5 a5 10. h3 Bh5 11. g4 Bg6 12. Ne5 Nfd7 13. Nxg6 hxg6 14. Rb1 Be7 {½-½ (39) Matlakov,M (2728)-Aronian,L (2799) Tbilisi 2017}) 3... g6 4. cxd5 cxd5 5. Bf4 Nc6 6. Nf3 {D10: Slav Defence: 3 cxd5 (without early Nf3) and 3 Nc3} Nf6 7. Nc3 Bg7 8. e3 a6 $146 ({Predecessor:} 8... O-O 9. Be2 Qb6 {½-½ (9) Peregudov,N (2415)-Galkin,A (2540) Tomsk 1997}) 9. Bd3 O-O {The position is equal.} 10. a3 Nh5 11. Bg5 Qd6 12. Qb3 Be6 (12... h6 $5 13. Bh4 $8 Be6 $11) 13. Qb6 $2 (13. h3 $11) 1/2-1/2

[Event "ESP-ch Seniors 2017"]
[Site "Altea"]
[Date "2017.10.11"]
[Round "5"]
[White "Suba, Mihai"]
[Black "Pastor Alonso De Prado, Alberto"]
[Result "1/2-1/2"]
[WhiteElo "2315"]
[BlackElo "2131"]
[Annotator "TA"]
[PlyCount "76"]
[EventDate "2017.??.??"]
[EventType "swiss"]
[EventCountry "ESP"]
[SourceTitle "playchess.com"]
[Source "ChessBase"]
[SourceQuality "1"]

{[%evp 18,76,25,0,23,16,77,66,97,65,70,64,84,99,95,37,42,32,80,94,93,91,79,-65,-62,-66,35,0,-12,-6,30,46,100,87,96,0,0,0,0,0,0,0,0,-12,0,-36,-38,-43,-43,-48,-41,-43,-46,-45,-37,-45,-50,-41,-35,-43,-43]} 1. d4 d5 2. c4 e6 3. Nc3 Nf6 4. Nf3 Be7 5. Bf4 c5 6. dxc5 Bxc5 7. e3 Nc6 8. a3 O-O 9. Qc2 Qa5 10. Be2 {LiveBook: 6 Games. D37: Queen's Gambit Declined: 5 Bf4} (10. Rd1 Re8 11. Nd2 e5 12. Bg5 Nd4 13. Qc1 Bf5 14. Bxf6 Nc2+ 15. Ke2 Nd4+ 16. Ke1 Nc2+ 17. Ke2 Nd4+ 18. Ke1 Nc2+ {½-½ (18) Carlsen,M (2827)-Nakamura,H (2781) Douglas 2017}) 10... dxc4 11. Bxc4 Be7 (11... Bb4 $1 $11) 12. O-O $16 {White is better.} Bd7 13. Rfd1 Rfc8 {[#]} 14. Bd3 $146 ({Predecessor:} 14. b4 Qd8 15. Ba2 a5 16. b5 Nb4 17. axb4 axb4 {0-1 (41) Greenfeld,A (2570)-Kholmov,R (2445) Pardubice 1995}) 14... Be8 15. b4 Qh5 16. Qb3 (16. Be2 $16) 16... a5 $1 $14 {[%cal Ra5b4]} 17. b5 a4 18. Nxa4 Na5 19. Qb2 $36 {[%mdl 2048] aiming for Nb6. White is really pushing.} Nd5 20. Be2 (20. Rac1 $16) 20... Nc4 $1 $15 {[%cal Rc4b2]} 21. Bxc4 Nxf4 (21... Rxc4 $15 22. Rxd5 exd5) 22. exf4 (22. Nb6 {feels hotter.} Nxg2 23. Be2 Bf6 24. Nd4 Qg5 25. Kh1) 22... Rxa4 23. Be2 Rca8 24. Ne5 Qh6 {[#]} ({Black should try} 24... Qf5 $14) 25. g3 $1 $16 g5 26. Ng4 (26. Bf3 $16) 26... Qg7 $11 27. Qxg7+ Kxg7 28. fxg5 Bxg5 29. h4 Be7 30. Rdc1 b6 31. Rc3 Bxa3 {Black is slightly better.} 32. Rc7 Bc5 33. Rxa4 Rxa4 34. Rc8 {[#]} Bxb5 $1 {[%mdl 512]} 35. Bxb5 Rxg4 36. Kg2 Rb4 37. Be2 $1 Rb2 38. Kf1 $1 Rb1+ {Precision: White = 40%, Black = 48%.} 1/2-1/2

[Event "ESP-ch Seniors 2017"]
[Site "Altea"]
[Date "2017.10.11"]
[Round "5"]
[White "Garcia Fernandez, Carlos"]
[Black "Elissalt Cardenas, Hector"]
[Result "0-1"]
[WhiteElo "2264"]
[BlackElo "2324"]
[Annotator "TA"]
[PlyCount "57"]
[EventDate "2017.??.??"]
[EventType "swiss"]
[EventCountry "ESP"]
[SourceTitle "playchess.com"]
[Source "ChessBase"]
[SourceQuality "1"]

{[%evp 23,57,-37,-21,-14,0,0,-8,-17,16,-8,-16,-131,-143,-133,-133,-141,-144,-159,-156,-168,-179,-309,-319,-331,-316,-382,-377,-367,-320,-437,-464,-479,-479,-504,-504,-505]} 1. e4 c5 2. c3 Nf6 3. e5 Nd5 4. Nf3 Nc6 5. d4 cxd4 6. Bc4 Nb6 7. Bb3 g6 8. cxd4 d5 {B22: Sicilian: 2 c3} (8... Bg7 9. O-O O-O 10. Bf4 d5 11. Nc3 Bg4 12. Be3 f6 13. exf6 Rxf6 14. Re1 Qd7 15. Bg5 Rf5 16. Bh4 Raf8 17. Re3 Bxf3 18. gxf3 Bxd4 {0-1 (35) Plat,V (2532)-Zhigalko,S (2671) Tallinn 2016}) 9. exd6 Qxd6 10. Nc3 Bg7 11. O-O O-O 12. d5 Na5 $1 {LiveBook: 6 Games} 13. Bg5 Bf5 $146 ({Predecessor:} 13... Re8 14. Re1 Bg4 15. h3 Nxb3 16. axb3 Bd7 17. Qd2 {½-½ (57) Kalvaitis,S (2258)-Pileckis,E (2448) Vilnius 2012}) 14. Re1 Rfe8 15. Nd4 Nxb3 (15... Bd7 {looks sharper.} 16. Ne4 Qb8 17. Nc3 Nxb3 18. axb3 Qd6) 16. axb3 (16. Nxf5 {keeps more tension.} gxf5 17. axb3 h6 18. Be3 Bxc3 19. bxc3 Nxd5 20. Bd2) 16... Bd7 17. Ndb5 (17. Nde2 $11 {keeps the balance.}) 17... Bxb5 $1 $17 18. Nxb5 Qxd5 19. Qxd5 Nxd5 20. Rad1 e6 21. Nd6 Reb8 22. Bh4 (22. Re2 $142) 22... Bxb2 $19 23. Bg3 b5 {[%cal Bb7b5,Bb5a4][%mdl 32]} 24. h4 a5 25. h5 Bc3 26. Re2 a4 {Black is clearly winning.} 27. hxg6 hxg6 28. bxa4 bxa4 29. Ne4 {Precision: White = 33%, Black = 69%.} 0-1